Music Quiz

Random Music or Singers Quiz

Rock Artists by Image Quiz Stats

 Plays Quiz Updated Feb 11, 2016

Also try: Women of Rock
Challenge
Share
Tweet
Score 0/24 Timer 05:00
0 Plays Today
Image Name % Correct
Elvis Presley
96.9%
Bob Marley
95.6%
Freddie Mercury
93.7%
Bono Vox
93.4%
Mick Jagger
92.8%
Paul McCartney
91.3%
Jimi Hendrix
91.2%
Ozzy Osbourne
90.8%
John Lennon
90.2%
Kurt Cobain
88.9%
Steven Tyler
84.3%
Axl Rose
82.6%
Image Name % Correct
Sting
79.4%
Jim Morrison
76.6%
Eric Clapton
75.4%
Jon Bon Jovi
65.9%
Keith Richards
65.3%
Robert Plant
60.7%
Jimmy Page
57.3%
Angus Young
56.4%
Roger Daltrey
47.4%
David Gilmour
19%
Ritchie Blackmore
9.1%
Ian Gillan
5.6%

You're not logged in!

Compare scores with friends on all Sporcle quizzes.
Join for Free
OR
Log In

You Might Also Like...

Show Comments

Extras

Top Quizzes Today


Score Distribution

Your Account Isn't Verified!

In order to create a playlist on Sporcle, you need to verify the email address you used during registration. Go to your Sporcle Settings to finish the process.

Report this User

Report this user for behavior that violates our Community Guidelines.

Details: